000 02145cam a2200241 4500
001 L137031
008 110830s2006 xxk f 000 0 eng d
035 _a(Sirsi) u137031
041 0 _aeng
050 0 4 _a333.3307 $2 18
110 2 _aRoyal Institution of Chartered Surveyors
_bValuation Faculty
_94354
245 0 0 _aYour pathway to qualifying in valuation
_h[electronic resource]
260 _aLondon
_bRICS
_c2006
505 2 _aPathway requirements: valuation APC; valuation ATC -- Competency guidance: access and rights over land; Accounting principles and procedures; auctioneering; building pathology; capital taxation; compulsory purchase and compensation; conflict avoidance, management and dispute resolution procedures; contaminated land; corporate real estate management; development appraisals; indirect investment vehicles; inspection; insurance; investment management (including fund and portfolio management); Landlord and tenant (including rent reviews and lease renewals); leasing/letting; local taxation/assessment; measurement of land and property; planning; property finance and funding; property management; property management accounting; property records/information systems; purchase and sale; strategic real estate consultancy; sustainability; Valuation
520 _aProvides information on valuation surveying with a general overview of the valuation pathways. Lists the competency requirements of the valuation APC and ATC pathways (as set out in the APC/ATC Requirements and competencies guide July 2006). Describes the main technical competencies associated with valuation surveying, providing expanded sector specific guidance on each of them.
590 _aKA
651 4 _aUnited Kingdom
_y
690 _aCAREERS, EDUCATION AND TRAINING-QUALIFICATION ROUTES
690 _aCAREERS, EDUCATION AND TRAINING-CAREERS IN SURVEYING-CAREERS IN VALUATION
690 _aCAREERS, EDUCATION AND TRAINING-QUALIFICATION ROUTES-ASSESSMENT OF PROFESSIONAL COMPETENCE
856 4 8 _uhttps://www.rics.org/site/download_feed.aspx?fileID=1196&fileExtension=PDF
_zView the item free of charge at www.rics.org
942 _n0
999 _c106609
_d106609